000 00646nam a2200289Ia 4500
005 20260324141051.0
008 008 260324s9999 xx 000 0 eng d
020 _a9781315046570
037 _aEBOOK
040 _aCRL
040 _beng
040 _cCRL
041 _2eng
041 _aeng
084 _qCRL
100 _aSheila D. Muller
_91206802
245 0 _aDutch Art
245 3 _bAn Encyclopedia
260 _bTaylor and Francis
260 _c1997
365 _a
365 _b570
856 _uhttp://www.taylorfrancis.com/books/9781315046570
942 _cEBOOK
999 _c1809493
_d1809493